[Event "IECC KO-2082"]
[Site "IECC email"]
[Date "2007.09.20"]
[Round "?"]
[White "Lu, Cheng"]
[Black "Von Rosenberg, Clemens"]
[Result "1/2-1/2"]
[WhiteElo "1499"]
[BlackElo "1503"]
[PlyCount "84"]
[EventDate "2006.??.??"]
[EventType "match (corr)"]
[EventRounds "2"]
[SourceTitle "Corr 2020"]
[Source "ChessBase"]
[SourceDate "2019.09.30"]
[SourceVersion "1"]
[SourceVersionDate "2019.09.30"]
[SourceQuality "1"]
[WhiteTeam "China"]
[BlackTeam "Germany"]
[WhiteTeamCountry "CHN"]
[BlackTeamCountry "GER"]

1. e4 c5 2. Nf3 Nc6 3. Bc4 d6 4. d3 Nf6 5. 0-0 Bg4 6. Nbd2 e6 7. h3 Bh5 8. c3 Be7 9. Bb5 0-0 10. g4 Bg6 11. Nh4 d5 12. Nxg6 hxg6 13. Qe2 Qb6 14. Ba4 Qa6 15. Bb3 Na5 16. Bc2 Qb6 17. g5 Nh5 18. exd5 Nf4 19. Qf3 Nxd5 20. Ne4 Rad8 21. Re1 Qc7 22. Bd2 Nc6 23. Qg4 Rd7 24. Rac1 b5 25. a4 b4 26. Bb3 Qb6 27. Bd1 Nxc3 28. bxc3 Ne5 29. Qe2 Nxd3 30. cxb4 cxb4 31. Bb3 Rfd8 32. Rc4 Nxe1 33. Qxe1 Rd3 34. Bxb4 Bxb4 35. Rxb4 Qa5 36. Bc2 Rxh3 37. Kg2 Rh5 38. Qc3 Qd5 39. Rb5 Qa8 40. Rc5 Rh4 41. Rc4 Qd5 42. Rc5 Qb7 1/2-1/2

[Event "IECC KO-2082"]
[Site "IECC email"]
[Date "2007.09.20"]
[Round "?"]
[White "Von Rosenberg, Clemens"]
[Black "Lu, Cheng"]
[Result "1/2-1/2"]
[WhiteElo "1504"]
[BlackElo "1498"]
[PlyCount "95"]
[EventDate "2006.??.??"]
[EventType "match (corr)"]
[EventRounds "2"]
[SourceTitle "Corr 2020"]
[Source "ChessBase"]
[SourceDate "2019.09.30"]
[SourceVersion "1"]
[SourceVersionDate "2019.09.30"]
[SourceQuality "1"]
[WhiteTeam "Germany"]
[BlackTeam "China"]
[WhiteTeamCountry "GER"]
[BlackTeamCountry "CHN"]

1. c4 c6 2. Nc3 d5 3. cxd5 cxd5 4. d4 Nf6 5. Nf3 Nc6 6. Bf4 Bf5 7. e3 e6 8. Bb5 Nd7 9. Qa4 Rc8 10. Bxc6 Rxc6 11. Qxa7 Qc8 12. Qa5 Rc4 13. a3 Be7 14. 0-0 0-0 15. Qb5 Qc6 16. Qxc6 Rxc6 17. Rfc1 Rfc8 18. h3 Be4 19. Ne5 Nxe5 20. Bxe5 f6 21. Bg3 Bg6 22. Kf1 Bd8 23. Ke1 Be4 24. f3 Bd3 25. Kd2 Bc4 26. b4 b5 27. a4 bxa4 28. b5 Rb6 29. Rxa4 Bc7 30. Bxc7 Rxc7 31. Rb1 Kf7 32. e4 g5 33. exd5 exd5 34. Rba1 Kg6 35. Ra6 Rxa6 36. Rxa6 Rb7 37. Rd6 Bxb5 38. Nxd5 Bf1 39. Nxf6 Bxg2 40. Ne4+ Kg7 41. Nxg5 Rb3 42. h4 Bxf3 43. Rd7+ Kg6 44. Rxh7 Bd5 45. Re7 Bc4 46. Re3 Rb2+ 47. Ke1 Rb1+ 48. Kf2 1/2-1/2

[Event "IECC CL5-2006.23 email"]
[Site "IECC email"]
[Date "2006.12.20"]
[Round "?"]
[White "Von Rosenberg, Clemens"]
[Black "Lu, Cheng"]
[Result "1/2-1/2"]
[WhiteElo "1534"]
[BlackElo "1458"]
[PlyCount "79"]
[EventDate "2006.??.??"]
[EventType "tourn (corr)"]
[EventRounds "4"]
[SourceTitle "Corr 2008"]
[Source "ChessBase"]
[SourceDate "2008.06.24"]
[SourceVersion "1"]
[SourceVersionDate "2008.06.24"]
[SourceQuality "1"]

1. e4 e5 2. f4 exf4 3. Nf3 g5 4. h4 g4 5. Ne5 Nf6 6. d4 d6 7. Nd3 Nxe4 8. Bxf4 Bg7 9. c3 0-0 10. Be2 Re8 11. Nd2 Bf5 12. Nxe4 Bxe4 13. 0-0 Qxh4 14. Bxg4 Nc6 15. Nf2 Bd5 16. Qd3 Kh8 17. b3 Qf6 18. Bf3 Bxf3 19. Qxf3 Re7 20. Rae1 Rxe1 21. Rxe1 Rg8 22. Rf1 Re8 23. Ne4 Qh4 24. Qd3 a6 25. Ng5 Qh5 26. Qc4 Kg8 27. d5 Ne7 28. Re1 Qg4 29. Nh3 Qd7 30. Bd2 Be5 31. Rf1 Ng6 32. Ng5 Re7 33. Ne4 b5 34. Qb4 Bg7 35. Nf6+ Bxf6 36. Rxf6 h5 37. Qd4 Qg4 38. Qd3 Re8 39. Rf5 Re4 40. Rf2 1/2-1/2

[Event "IECC CL5-2006.15 email"]
[Site "IECC email"]
[Date "2006.09.13"]
[Round "?"]
[White "Camps, Jean Pierre"]
[Black "Lu, Cheng"]
[Result "1-0"]
[WhiteElo "1517"]
[BlackElo "1439"]
[PlyCount "44"]
[EventDate "2006.??.??"]
[EventType "tourn (corr)"]
[EventRounds "4"]
[SourceTitle "Corr 2015"]
[Source "ChessBase"]
[SourceDate "2015.07.17"]
[SourceVersion "1"]
[SourceVersionDate "2015.07.17"]
[SourceQuality "1"]
[WhiteTeam "France"]
[BlackTeam "China"]
[WhiteTeamCountry "FRA"]
[BlackTeamCountry "CHN"]

1. e4 e5 2. Nc3 Nf6 3. f4 d6 4. Nf3 Nc6 5. Bc4 Be7 6. d3 0-0 7. 0-0 Na5 8. f5 Nxc4 9. dxc4 c6 10. Qe2 Qb6+ 11. Kh1 Bd7 12. Rb1 Qa5 13. Bg5 Rfe8 14. b4 Qb6 15. Qd3 Qc7 16. Bxf6 Bxf6 17. Rfd1 Be7 18. c5 dxc5 19. Qxd7 Qxd7 20. Rxd7 cxb4 21. Ne2 b5 22. Nxe5 a5 1-0

[Event "IECC KO-2082"]
[Site "IECC email"]
[Date "2006.09.09"]
[Round "?"]
[White "Lu, Cheng"]
[Black "Kanthakumar, Praghalathan"]
[Result "1-0"]
[WhiteElo "1430"]
[BlackElo "1290"]
[PlyCount "43"]
[EventDate "2006.??.??"]
[EventType "match (corr)"]
[EventRounds "2"]
[SourceTitle "Corr 2020"]
[Source "ChessBase"]
[SourceDate "2019.09.30"]
[SourceVersion "1"]
[SourceVersionDate "2019.09.30"]
[SourceQuality "1"]
[WhiteTeam "China"]
[BlackTeam "India"]
[WhiteTeamCountry "CHN"]
[BlackTeamCountry "IND"]

1. e4 e5 2. Nf3 Nc6 3. Bc4 Qf6 4. d3 h6 5. 0-0 a6 6. Nc3 Nge7 7. Be3 d6 8. Nd2 Qg6 9. f4 Bh3 10. Qf3 Nd4 11. Qxh3 Nxc2 12. Rac1 Nxe3 13. Qxe3 exf4 14. Rxf4 f6 15. Nd5 Nxd5 16. Bxd5 Rb8 17. Rxc7 Be7 18. Qa7 Rd8 19. Qxb7 Rd7 20. Rxd7 Qg5 21. Qc8+ Bd8 22. Qxd8# 1-0